Top 30 : Jolagreen23 - Statistiques

Statistiques générales
  • Ce quiz a été pris 148 fois
  • Le résultat moyen est 14 sur 30
Statistiques - réponses
Top Titres Featuring % Correct
5 1.2.3 (2023VERSION) Adèle Castillon
91%
4 360TrickShot - A COLORS SHOW COLORS
87%
1 D BLOCK AFRIQUE Dinos, La Mano 1.9
80%
12 Nouvelle R - Green Remix Guy2Bezbar, Green Montana
70%
6 4BULLDOG
64%
22 OKC Benny The Butcher
64%
9 Camion de glace Ziak
63%
3 FUMER LE VERT
62%
7 300.000
59%
8 12HEURES MINUIT
53%
2 FAST LIFE & FAMILLE Tiakola, .H.K
50%
13 LONGLIFE NICKY LARSON Green Montana
47%
20 CR7 MAN UTD
46%
11 Malcom X Zed, Josman
46%
10 GANGTAKA
44%
18 JOUR J Wallace Cleaver
41%
15 PLUS LE MÊME Lesram
41%
14 GUTEN TAG
39%
24 APPEL D'UN BRO
38%
21 HELLCAT OU CAMARO
30%
23 PUTAIN D'HIVER
30%
28 SLIDE
30%
27 0.92
28%
26 CRASH BANDICOOT
28%
17 BRICK BY BRICK
27%
16 SMACKDOWN VS RAW2009
25%
19 AIMBOT (2021VERSION)
24%
25 JOLLY ROGER
23%
29 ESSKE ?
22%
30 STALINGRAD
18%
Aucun quiz correspondant
Distribution des résultats
% des personnes avec chaque résultat
Percentile par nombre de réponses
Votre historique - résultats
Vous n’avez pas pris ce quiz